[Event "New York op"]
[Site "New York"]
[Date "1998.03.19"]
[Round "6"]
[White "Ibragimov, Ildar"]
[Black "Tiviakov, Sergei"]
[Result "1/2-1/2"]
[WhiteElo "2590"]
[BlackElo "2640"]
[Annotator "Horn,Pe"]
[PlyCount "114"]
[EventDate "1998.03.16"]
[EventType "swiss"]
[EventRounds "9"]
[EventCountry "USA"]
[SourceTitle "CBM 064"]
[Source "ChessBase"]
[SourceDate "1998.06.02"]
[SourceVersion "1"]
[SourceVersionDate "1998.06.02"]
[SourceQuality "1"]

1. Nf3 Nf6 2. g3 b6 3. Bg2 Bb7 4. O-O e6 5. d3 d5 6. Nbd2 c5 7. e4 Nc6 8. Re1
Be7 9. e5 Nd7 10. h4 b5 $6 $146 {Den Zug finde ich recht seltsam. Der schwarze
Aufbau wird in aller Regel mit der Idee gespielt, lang zu rochieren und dann 
(mit h6/g5) am anderen Flügel vorzugehen. Die von Uhlmann regelmäßig
angewandte Alternative in der Französischen Verteidigung gegen den
Königsindischen Angriff besteht darin, kurz zu rochieren, und dan einen
P-Sturm (b5,a5,b4) am Q-flügel zu führen. Der Bc8 greift dann über a6 (und
nicht b7) in Spiel ein. Da Tiviakov jetzt bei einer gelegentlichen 0-0 2 Züge 
(Pb7-b6-b5, Bc8-b7-a6) gegenüber dem Uhlmann-Plan im Hintertreffen wäre, muß
der Ke8 entweder im Zentrum bleiben oder lang rochieren.} (10... Qc7) (10... h6
) 11. Nf1 Qc7 12. Bf4 Nb6 13. c3 c4 14. d4 b4 (14... h6 {Damit könnte Schwarz
Bg5 unterbinden.}) 15. Bg5 {[%csl Rb7] Der Tausch des schlechten (Bf4) gegen
den guten Be7 ist ein Standardthema in "Französischen" Stellungen. Schwarz
verbleibt mit einem Bb7, der von der eigenen P-kette eingekerkert ist und
keine Aussichten hat, wirksam ins Spiel einzugreifen.} a5 (15... Bf8 {[%cal
Yh7h6] So konnte Schwarz immer noch den Tausch der schwarzfeldrigen B
vermeiden; gegenüber 14....h6 hätte Weiß lediglich die Option auf einen
anderen Rückzug des Bg5 als Bf4 erhalten.}) 16. Bxe7 Qxe7 17. Ne3 {Der N ist
hier ausgezeichnet plaziert: er unterstützt den jetzt auf der Tagesordnung
stehenden weißen Plan Pf2-f4-f5.} a4 {[%cal Ya4a3]} 18. a3 {Bringt den
schwarzen Vormarsch zum Stehen.} bxc3 (18... b3 $2 {wäre die strategische
Kapitulation: Weiß erhielte die freie Hand am K-flügel.}) 19. bxc3 Na5 {
[%cal Ya5b3]} 20. Ng5 {[%cal Yf2f4,Yf4f5]} Nb3 21. Ra2 O-O-O (21... h6 22. Nh3
h5 $14 {wäre ein Versuch, den Schaden zu begrenzen.}) 22. f4 {[%cal Yf4f5]} g6
23. h5 $16 h6 24. Nf3 Nd7 {Ziele des schwarzen Spiels am Q-flügel können nur
die Pa3/Pc3 sein. Dafür müßte der Nb6 nach b5 manövrieren; bei der Ausführung
dieser Absichten geriete aber f6 außer Reichweite: ein N könnte über g4 dort
eindringen.} (24... gxh5 $2 25. Nh4 $16) (24... Rdg8 25. Kh2 gxh5 $2 26. Nh4
$16) 25. Bh3 g5 $6 {Puh! Schwarz läßt kampflos Pf4-f5 zu.} 26. f5 {[%csl Rb7,
Gh3] Die Fronten sind jetzt ganz klar: der weiße Weg in die schwarze Stellung
führt (nur) über die f-Linie; das Hauptziel ist f6.} Kc7 27. Nh2 {[%cal Yh2g4,
Ye1f1]} (27. f6 $2 {fällt nur Schachprogrammen ein.}) 27... Bc6 28. Nhg4 Rdf8
29. Kh2 Bb7 {Schwarz hat die optimale Verteidigungsstellung am K-flügel
eingenommen; jetzt wartet er die Verstärkung der weißen Position ab.} 30. Rf1 {
Natürlich: man ahnt, daß der Rf1 nicht die einzige weiße Schwerfigur in der
f-Linie bleiben wird.} Kb8 31. Rff2 Bc8 32. Qf1 Bb7 33. fxe6 {Weiß konnte sich
noch Zeit lassen; aber der Zug ist stark genug.} (33. Nc2 $5 {[%cal Yc2b4,
Yf2f3,Ya2f2]} exf5 34. Rxf5 Nd2 35. Qe1 $16) 33... fxe6 34. Nf6 {[%csl Gf6]
Ein idealer Vorposten.} Nb6 (34... Nxf6 35. exf6 $16 {[%csl Re6]}) 35. Nc2 Kc7
36. Nb4 {Schützt den Pa3 und befreit den Ra2 zu frischen Taten.} Kd8 37. Rf3 {
[%cal Ya2f2]} Rf7 38. Raf2 Rhf8 39. Bg4 (39. Qb1 $1 {[%cal Yb1g6]} Rg7) 39...
Na8 40. Bh3 Nc7 {Der Nc7 steht hier besser als auf b5: deswegen wäre
sofortiges Qb1 noch besser gewesen.} 41. Qb1 Rg7 {Schwarz kann die
Gegenverdoppelung in der f-Linie nicht aufrechterhalten.} 42. Qc2 (42. Nfxd5 $6
{räumt dem Gegner unnötige Chancen ein} Rxf3 43. Nxe7 Rxf2+ 44. Kg1 Rgf7 45.
Nec6+ $13) 42... Rh8 (42... Rff7 43. Qe2 {[%cal Ye2f1]} Nb5 44. Ng8 Qf8 (44...
Rxf3 45. Nxe7 Rxf2+ 46. Qxf2 Rxe7 47. Qf8+ Kd7 48. Qb8 $18) 45. Nxh6 Rxf3 46.
Qxf3 Qxf3 47. Rxf3 Nxa3 48. Bxe6 $18) 43. Ng4 {Nun ist die Kontrolle der
f-Linie perfekt.} Nb5 44. Rf6 Nxa3 (44... Qe8 45. Rg6 Nxa3 (45... Rxg6 46. Qxg6
Nxc3 (46... Qxg6 47. hxg6 {[%cal Rg6g7]} Rg8 48. Rf7 $18) 47. Qg7 Kc8 48. Nf6
Qd8 49. Bxe6+ Kb8 50. Ng8 $18) 46. Rxg7 $1 Nxc2 47. Rxb7 Nxb4 (47... Qxh5 48.
Nf6 $18) (47... Kc8 48. Rff7 (48. Nf6 $5) 48... Qxf7 49. Rxf7 Nxb4 50. Nf6 $18)
48. Rb8+ $18) 45. Qa2 Nb5 46. Qxa4 Nxc3 47. Qa7 (47. Nc6+ Kc7 (47... Bxc6 $2
48. Qxc6 $18) 48. Qxb3 cxb3 49. Nxe7 Rxe7 50. R6f3 $16) 47... Nxd4 48. Nxh6 (
48. Rb2 Ncb5 49. Qb8+ Bc8 50. Qxb5 c3 (50... Nxb5 51. Nc6+ Kc7 52. Nxe7 Rxe7
53. Rxb5 $18)) (48. Qxd4 $2 Qxb4) 48... Kc8 49. Na6 Bxa6 50. Qa8+ (50. Qxa6+
Kb8 51. Qb6+ Ka8 52. Qxd4 $18) 50... Kc7 51. Qxh8 Kb6 52. Bxe6 (52. Nf7 $18)
52... Ka5 (52... Nxe6 53. Nf5 $18) 53. Nf5 (53. Bf7 Rxf7 54. Rxa6+ Kxa6 55.
Rxf7 $18) 53... Nxf5 54. Bxf5 d4 55. h6 Rf7 56. Rxf7 Qxf7 57. Qd8+ Kb4 $18 {
Hier stehe ich vor einem Rätsel: begründet schiene mir eine Partieaufgabe.
Vielleicht gab es Probleme mit der Zeit ?} (57... Kb4 58. g4 $18 {[%cal Rh6h7]
Das ist natürlich nebenlösig.}) 1/2-1/2

[Event "Keres Memorial"]
[Site "Tallinn/Parnu"]
[Date "1998.06.28"]
[Round "8"]
[White "Yermolinsky, Alex"]
[Black "Ehlvest, Jaan"]
[Result "1/2-1/2"]
[WhiteElo "2660"]
[BlackElo "2610"]
[Annotator "Horn,Pe"]
[PlyCount "142"]
[EventDate "1998.06.19"]
[EventType "tourn"]
[EventRounds "9"]
[EventCountry "EST"]
[EventCategory "15"]
[SourceTitle "CBM 066"]
[Source "ChessBase"]
[SourceDate "1998.09.30"]
[SourceVersion "1"]
[SourceVersionDate "1998.09.30"]
[SourceQuality "1"]

1. Nf3 e6 2. g3 Nf6 3. Bg2 d5 4. O-O Be7 5. d3 c5 6. Nbd2 Nc6 7. e4 b6 8. Re1
Bb7 9. c3 Qc7 10. Nf1 {[%cal Yc1f4] Yermolinsky hat angegeben, daß diese Idee
von Dorfman stammt: Weiß möchte mit Bf4 Nutzen aus Qc7 ziehen.} d4 {[%cal
Ye6e5] Schwarz möchte das Zentrum (mit Pe6-e5) schließen und dann auf seinen
Raumvorteil pochen. Er könnte dann sehr zufrieden sein, da Nf1 und Re1 nicht
optimal stehen.} (10... dxe4 11. dxe4 Rd8 (11... O-O 12. e5 (12. Bf4 e5 13. Bg5
Rfd8 14. Qc2 $14 {Wagener,C-Stocek,J/EU-chJM U20/1995}) (12. Qe2 $5) 12... Nd7
13. Bf4 Rfd8 14. Qe2 $14 {Susterman,L-Popescu,D/Odorheiu Secuiesc op/1993}) 12.
Qc2 (12. Qa4 O-O (12... e5 13. Bg5 O-O 14. Ne3 h6 15. Bxf6 Bxf6 16. Nd5 $16 {
Loginov-Goriatchkin/Kstovo op/1994}) 13. e5 Nd7 14. Bf4 h6 15. h4 Na5 $13 {
Lanc,A-Chekhov,V/Prague Bohemians-A/1989}) 12... Ba6 (12... O-O 13. e5 (13. Bf4
Qc8 14. h4 Ba6 15. Rad1 Rxd1 16. Rxd1 Rd8 17. Rxd8+ Bxd8 18. Bg5 h6 19. Bf4 Qd7
20. Qd2 Qd3 21. Qxd3 Bxd3 22. N3d2 e5 23. Be3 Be7 24. f3 Ne8 25. Bf2 Nd6 26.
Ne3 Kf8 27. Bf1 Bxf1 28. Kxf1 Nd8 29. Ke2 Ne6 30. a4 h5 31. Kd3 f6 32. Nec4 Nc8
33. Na3 Nc7 34. Ndc4 Ke8 35. Ne3 g6 36. g4 Nd6 37. Nac4 Nxc4 38. Kxc4 a6 39.
gxh5 b5+ 40. axb5 axb5+ 41. Kd3 c4+ 42. Kc2 gxh5 43. Nf5 Kf7 44. b3 cxb3+ 45.
Kxb3 Bf8 46. Bb6 Ne6 47. Be3 Nd8 48. Bc1 Nc6 49. Ba3 Na5+ 50. Ka2 Bxa3 51. Kxa3
Nc4+ 52. Kb4 Nd2 53. Kxb5 Nxf3 54. c4 Nd4+ 55. Nxd4 exd4 56. Kb4 Ke6 57. c5 f5
58. exf5+ Kxf5 59. c6 Ke6 60. Kc4 {1/2-1/2 Busse,K-Kleff,A/Dortmund op-A 1993})
13... Nd5 14. Ng5 Bxg5 15. Bxg5 Rd7 16. Qe2 Nde7 17. h4 h6 18. Bc1 Na5 19. Bxb7
Qxb7 20. Nh2 Nf5 21. Bf4 Rfd8 22. Rad1 Rxd1 23. Rxd1 Rxd1+ 24. Qxd1 Qe4 25. Qd7
Qa8 26. h5 Nc6 27. f3 Nce7 28. g4 Nd5 29. Bd2 Nfe3 30. b3 c4 31. Bxe3 Nxe3 32.
Qd4 cxb3 33. axb3 Nd5 34. c4 Nb4 35. Qd6 Qf8 36. f4 Qxd6 37. exd6 Kf8 38. g5
Nd3 39. gxh6 gxh6 40. Ng4 Ke8 41. Nf6+ Kd8 42. Kf1 a5 43. Ke2 Nc1+ 44. Ke3 Nxb3
45. Ng4 a4 46. Nxh6 a3 47. Nxf7+ Kd7 48. h6 a2 49. h7 a1=Q 50. Ne5+ Kxd6 51.
h8=Q Qe1+ 52. Kf3 Nd2+ 53. Kg4 Qg1+ 54. Kh5 Qh2+ 55. Kg6 Qxh8 56. Nf7+ Ke7 57.
Nxh8 Nxc4 58. Nf7 b5 59. Ng5 b4 60. Ne4 b3 61. Nc3 Ne3 62. Na4 Kd6 63. Kf6 Nf5
64. Nb2 Kd5 65. Na4 Ne3 66. Nc3+ Kd4 67. Na4 Nd5+ 68. Kxe6 Nxf4+ 69. Kd6 Nd3
70. Kc6 Kc4 71. Nb6+ Kb4 72. Nd5+ Ka3 73. Nc3 b2 74. Kd5 Kb3 75. Nb1 Kc2 76.
Na3+ Kc1 77. Kc4 Ne1 {0-1 Ibragimov,I-Dvoirys,S/St.Petersburg op 1995}) 13. Bf4
$14 {Belkhodja,S-Renet,O/Ch-Fra I Epinal/1986}) (10... h6 11. Bf4 $1 Qd7 (11...
e5 $2 12. Nxe5) 12. Qe2 (12. e5 Nh7 13. h4 g5 14. hxg5 hxg5 15. Bd2 O-O-O 16.
N1h2 Rdg8 17. Ng4 Nf8 18. d4 Qd8 19. b4 c4 20. b5 $14 {Nevednichy,V-Rayner,F/
Debrecen EU-chT/1992}) 12... a5 13. Rad1 O-O 14. e5 Nh7 15. h4 a4 16. N1h2 a3
17. b3 Rfe8 18. g4 Qd8 19. Bg3 Ra7 20. h5 $36 {Loginov,V-Toth,L/HUN-chT2/1993})
(10... O-O-O $6 11. Bf4 Qd7 (11... e5 $2 12. Nxe5 $1 $16 Nxe5 13. d4 dxe4 (
13... Nxe4 14. Bxe5 $16 {Iordachescu,V-Munteanu,A/Bucharest schev/1993}) 14.
Bxe5 Bd6 15. Bxf6 gxf6 16. Qg4+ $16 {Skripchenko,A-Ursuleac,V/ROM-chT/1992})
12. e5 Ne8 13. h4 Nc7 14. d4 cxd4 15. cxd4 Ba6 16. Re3 $14 {Aldama-Lesiege/
Capablanca mem-A/1993}) 11. e5 (11. cxd4 cxd4 12. e5 (12. a3 e5 13. Nh4 Nd7 (
13... O-O $5) 14. Nf5 Bf6 15. g4 g6 16. Nh6 Bg7 17. b4 Rf8 18. Qb3 f6 19. h4
O-O-O $2 20. Bd2 $16 {Konings,L-Leiber,B/Lugano op/1989}) 12... Nd7 13. Bg5 Nc5
(13... Bxg5 $6 14. Nxg5 Ndxe5 15. f4 Nd7 16. Qh5 g6 17. Qh6 $40) 14. a3 a5 (
14... Bxg5 15. Nxg5 Nxe5 16. Bxb7 Nxb7 17. Qh5 Ng6) 15. Rc1 O-O 16. Bxe7 Qxe7
17. N3d2 a4 (17... Nxe5 18. Bxb7 Qxb7 19. Rxc5 Nxd3 $13) 18. Nc4 Na5 19. Bxb7
Qxb7 20. Nxa5 Rxa5 21. Rc4 $14 {Loginov-Yebelin/Budapest FS FebGM/1994}) 11...
Nd7 12. Qe2 {Weiß möchte sich auch eine andere Verwendung des Bc1 als auf f4
offenhalten.} (12. Bf4 Rd8 (12... dxc3 13. bxc3 h6 14. h4 O-O-O 15. d4 Nf8 16.
Qe2 Kb8 (16... cxd4 17. cxd4 Nxd4 18. Nxd4 Rxd4 (18... Bxg2 19. Nb5 $16) 19.
Rac1 Bc5 20. Be3 $16) 17. Rac1 Rd7 18. Red1 $14 {Schlingensiepen,C-Breutigam,M/
BL/1995}) 13. h4 dxc3 14. bxc3 c4 15. d4 Nc5 16. Bd2 Nd3 17. Re4 $5 b5 18. h5
g6 19. Ne1 Na5 20. Nxd3 cxd3 21. Qb1 Bxe4 22. Bxe4 $44 {Lutikov-Nei/Daugavpils/
1976}) 12... dxc3 $146 (12... h6 13. h4 O-O-O 14. N1h2 Kb8 15. a3 Ka8 16. cxd4
Nxd4 17. Nxd4 cxd4 18. b4 $14 {Kochyev-Keitlinghaus/Dortmund-C/1991}) 13. bxc3
b5 {[%cal Yd7b6]} 14. d4 {Jetzt erweist es sich als nützlich, die Entwicklung
des Bc1 hintan zu stellen. Auf f4 wäre er Attacken durch Nd5 ausgesetzt.} cxd4
15. cxd4 Nb4 {[%csl Gd5] Eine interessante Auseinandersetzung: Schwarz hat
Chancen durch die Majorität am Damenflügel und das starke Feld d5. Weiß stützt
sein Spiel auf den Pe5 und hofft auf Chancen gegen den schwarzen K.} 16. Bd2 a6
(16... Nc2 $6 {ist vermutlich genau so ungesund, wie es aussieht:} 17. Rac1 Rc8
18. Red1 Ba3 19. Ba5 Qc4 (19... Qxa5 20. Rxc2 O-O 21. Ng5 $36) (19... Bxf3 20.
Bxf3 Qc4 21. Qd2 Bxc1 22. Rxc1 Nxd4 (22... O-O 23. Bb7 $16) 23. Rxc4 Nxf3+ 24.
Kg2 $16) 20. Qxc4 Rxc4 21. N3d2 Nxd4 22. Nxc4 Ne2+ 23. Kh1 Bxg2+ 24. Kxg2 Bxc1
25. Nd6+ Ke7 26. Bb4 $40) 17. Rec1 Qd8 18. h4 (18. a4 bxa4 19. Rxa4 a5 $11)
18... h6 $6 {Die schablonenhafte Reaktion auf Ph4; es scheint aber, daß der
Zug die Stellung mehr schwächt, als es den Anschein hat.} (18... Nb6 19. Bg5
O-O (19... Bxg5 $5 20. hxg5 h6 $132)) 19. Ne1 $1 {[%cal Ye2g4]} Bxg2 20. Nxg2
Nb6 (20... Nd5 21. Qg4 $16) (20... O-O $5 {[%csl Rg7,Rh6] Jetzt war die letzte
Chance zur 0-0. Schwarz hat sich sicher Sorgen um seine anfällige
Königsstellung gemacht: Qe2 und Bd2, Nf1,Ng2 stehen bereit zur Attacke. Es ist
mir aber nicht ganz klar, wie Weiß seinen Angriff am besten vorträgt.} 21. Nfe3
{[%csl Rh6][%cal Ye3g4] Die brutale Methode: er geht ohne Umschweife auf den
Ph6 los; ein Dauerschach scheint ihm das zu sichern; aber mehr ?} (21. Qg4 {
Mit dem direkten Angriff gegen g7 kann Weiß (mindestens) Zugwiederholung
erzwingen; ihm wird der Sinn aber sicher nach mehr stehen.} Kh8 22. Nf4 Nb6 23.
Nh5 (23. Ne3 $5 N4d5 24. Ba5 $36) 23... Rg8 24. Qf3 (24. Bxb4 Bxb4 25. Ne3 Rc8
$132) 24... Rf8 25. Qg4 $11) 21... Nb6 22. a3 N4d5 23. Ng4 Re8 24. Nxh6+ (24.
Bxh6 gxh6 25. Nxh6+ Kg7 26. Nxf7 Kxf7 27. Qh5+ Kg7 28. Qg4+ Kf7 $11) 24... gxh6
25. Bxh6 Kh7 26. Qh5 Rh8 27. Qxf7+ Kxh6 28. Qxe6+ Kg7 29. Qg4+ Kf8 30. Qf5+ $11
) 21. Qg4 g5 {Jetzt gibt es nur die Wahl zwischen verschieden häßlichen Zügen.}
22. Bxb4 Bxb4 23. Nfe3 Be7 24. Rc6 (24. Qe4 gxh4 25. Nxh4 (25. Nf4 $5 hxg3 26.
fxg3) 25... Bxh4 26. gxh4 $16) 24... Nd5 25. Qe4 (25. Rac1 $2 {Yermolinsky} Nb4
26. Rc7 Nxa2) 25... gxh4 26. Nxd5 (26. Nf4 $5 {Diesen Zug erwähnte Yermolinsky
in NIC5/98. Er ist wirklich nicht ohne Pep:} Nxe3 (26... Nxf4 27. gxf4 $44) (
26... hxg3 27. Nfxd5 exd5 28. Nxd5 gxf2+ 29. Kxf2 $44) 27. Nxe6 $5 fxe6 28.
Qg6+ Kd7 29. Qxe6+ Ke8 30. Rd6 (30. Qg6+ $11) 30... Nc4 31. Rxd8+ Kxd8 32. a4
$16) 26... Qxd5 (26... exd5 27. Qf3 hxg3 28. fxg3 $44 {[%csl Rd5,Re8][%cal
Ya1c1,Yg2e3,Yg2f4]}) 27. Qxd5 exd5 28. Nxh4 Kd7 (28... Bxh4 29. gxh4 $16 {
[%csl Gc6] ist ein anderes für Schwarz (sehr) schlechtes Endspiel.}) 29. Rac1
Rhc8 30. Rxc8 Rxc8 31. Rxc8 Kxc8 32. Nf5 Bf8 33. Kf1 (33. Ne3 $2 Ba3 34. Nxd5
Bb2 {[%csl Rd4]}) 33... Kd7 (33... h5 $4 34. Ne3) 34. Ke2 $2 (34. g4 $1 {
[%csl Rh6] Yermolinsky konnte hier die Schwäche auf h6 fixieren, was ihm eher
Gewinnaussichten eingetragen hätte. Ausführliche Ausführungen von Yermolinsky
in der oben angegebenen Quelle.}) 34... h5 $1 35. f4 a5 36. Ne3 Kc6 37. Kd3 a4
38. Kc2 b4 39. Kd3 Be7 40. Nf5 Bf8 41. Ne3 Be7 42. Nf5 Bf8 43. Kd2 Kb5 44. Ne3
Kc6 45. Kc2 Be7 46. Nf5 Bf8 47. Kd3 Kb5 48. Ne3 Kc6 49. f5 Bh6 50. Nc2 Bf8 51.
Ne1 Bh6 52. f6 $2 Kd7 {[%cal Yd7f5]} 53. Ke2 Ke6 54. Nd3 Bf8 55. Nf4+ Kf5 56.
Kf3 (56. Nxd5 Ke4 57. Nc7 b3 58. axb3 axb3 (58... a3 59. Nb5 Bb4 60. e6 fxe6
61. f7 a2 62. Nc3+ Bxc3 63. f8=Q a1=Q 64. Qf4+ Kd5 65. Qe5+ Kc6 66. Qxe6+ $11 {
Yermolinsky}) 59. Kd1 Bh6 60. Nb5 Kd5 $19) 56... b3 57. axb3 axb3 $17 58. Nxd5
b2 59. Nc3 Bb4 60. Nb1 Be1 61. Na3 Ke6 62. Ke4 Bxg3 63. d5+ Kd7 64. Kf5 Ke8 65.
e6 Bh4 (65... h4 66. Kg4 Be5 67. Kxh4 Bxf6+ 68. Kg4 $11) 66. Ke5 Bf2 (66...
fxe6 67. dxe6 Bxf6+ 68. Kxf6 h4 69. e7 h3 70. Nb5 b1=Q 71. Nd6+ Kd7 72. e8=Q+
Kxd6 73. Qd8+ $11) 67. Kf4 Bc5 68. Nb1 h4 69. Kg4 Bd4 70. Kxh4 Bxf6+ 71. Kg4
fxe6 1/2-1/2

[Event "FRA-ch"]
[Site "Narbonne"]
[Date "1997.08.25"]
[Round "10"]
[White "Bricard, Emmanuel"]
[Black "Bauer, Christian"]
[Result "1-0"]
[WhiteElo "2350"]
[BlackElo "2525"]
[Annotator "Horn,Pe"]
[PlyCount "93"]
[EventDate "1997.08.15"]
[EventType "tourn"]
[EventRounds "15"]
[EventCountry "FRA"]
[EventCategory "9"]
[SourceTitle "CBM 061"]
[Source "ChessBase"]
[SourceDate "1997.11.23"]
[SourceVersion "1"]
[SourceVersionDate "1997.11.23"]
[SourceQuality "1"]

1. e4 c5 2. d3 Nc6 3. g3 d5 4. Nd2 Nf6 5. Bg2 e6 6. Ngf3 Be7 7. O-O O-O 8. Re1
Rb8 9. e5 Nd7 10. Nf1 b5 11. h4 b4 12. N1h2 a5 (12... Rb5 13. Bf4 Nb6 14. Ng5
Nd4 15. Qh5 $6 (15. c3) 15... h6 16. Ng4 Nf5 17. Bf3 hxg5 $19 {Zambor-Dusa/
Komercni Banka op/1996}) 13. Bf4 Rb6 14. Bh3 Ba6 (14... a4 15. Ng5 Nd4 16. c3
bxc3 17. bxc3 Nb5 18. Qh5 h6 19. Ngf3 Qe8 20. c4 Nd4 21. Nxd4 cxd4 22. cxd5
exd5 $13 {Langeweg-O'Kelly de Galway/Beverwijk/1959}) 15. h5 a4 16. h6 g6 17.
Ng4 b3 18. axb3 axb3 19. c3 d4 20. c4 Nb4 21. Re2 (21. Qxb3 $5 {Blechbüchsen
wären an diesem Bauern interessiert gewesen, da eine unmittelbare Widerlegung
nicht in Sicht ist. Allerdings spielt der Pb2 auf lange Sicht nur eine passive
Rolle: denkbar wäre ein schwarzer Aufbau Bc6/Qb7/Rfb8.} Nd5 (21... Bb7 $5 $44)
22. Qc2 Nxf4 23. gxf4 Bb7 24. Bg2 Bc6 $44) 21... Nc2 22. Rb1 Bb7 23. Ngh2 Re8 {
Ein Wartezug, der sofort belohnt wird.} 24. Nd2 $2 (24. Bg2 $11) 24... Bg5 25.
Bxg5 Qxg5 26. Bg2 (26. Nxb3) 26... Bxg2 27. Kxg2 Qf5 $2 {Gar kein Zug wäre
viel besser als dieser: die Qf5 läuft den weißen Figuren freiwillig ins Messer.
} (27... Ra8 $5) (27... Qxh6 28. Nxb3 Nb4 (28... Rxb3 29. Qxc2 Reb8 $11) 29.
Ng4 Qg7 $1 (29... Qg5 $2 30. Nxc5 Nxc5 31. Nf6+ $18) 30. Ra1 Reb8 $15 {[%cal
Yh7h5]} (30... h5 $6 31. Ra7 $36) 31. Ra7 $140 R6b7) 28. Ndf3 f6 (28... Ra8 29.
Re4 (29. g4 $2 Qf4) 29... Qh5 30. Qc1 $18 {[%cal Rg3g4]}) (28... Qh5 29. Qd2
$16) 29. Re4 fxe5 30. Ng4 Rf8 31. Nfxe5 Nxe5 32. Rxe5 $18 Qf7 33. Rxc5 Qb7+ 34.
Kg1 Rf5 35. Re5 Qe7 36. Qe2 Kf7 37. Qe4 Rd6 38. Rd1 Ra6 39. Rb5 Rxb5 40. cxb5
Rd6 41. Qf4+ Ke8 42. Nf6+ Kd8 43. Nxh7 e5 44. Qf8+ Qxf8 45. Nxf8 g5 46. h7 Rh6
47. Kg2 1-0

[Event "Warsaw"]
[Site "Warsaw"]
[Date "1990.??.??"]
[Round "10"]
[White "Balashov, Yuri S"]
[Black "Gdanski, Jacek"]
[Result "1/2-1/2"]
[WhiteElo "2535"]
[BlackElo "2430"]
[Annotator "Horn,Pe"]
[PlyCount "51"]
[EventDate "1990.01.??"]
[EventType "tourn"]
[EventRounds "13"]
[EventCountry "POL"]
[EventCategory "9"]
[SourceTitle "CBM 017"]
[Source "ChessBase"]
[SourceDate "1990.08.01"]
[SourceVersion "1"]
[SourceVersionDate "1990.08.01"]
[SourceQuality "1"]

1. e4 e6 2. d3 d5 3. Nd2 c5 4. g3 Nc6 5. Bg2 Nf6 6. Ngf3 Be7 7. O-O b6 8. Re1
Bb7 9. c3 Qc7 10. exd5 {N} exd5 11. Nf1 O-O 12. Bf4 Bd6 13. Bg5 Ne8 14. Ne3 Ne7
15. Bxe7 Bxe7 16. Ne5 (16. Nf5 Bf6) 16... Nf6 (16... Qxe5 $4 17. Nxd5) 17. N5g4
(17. Nf5 Rfe8) 17... Qd7 18. Nxf6+ Bxf6 19. Qf3 Rad8 20. Ng4 Be7 21. Re2 Bd6
22. Ne3 Rfe8 23. Rae1 (23. Nxd5 $2 Bxd5 24. Rxe8+ Qxe8 25. Qxd5 Bxg3) 23... Bf8
24. c4 Qa4 25. b3 Qa5 26. Rd1 (26. Nxd5 $2 Bxd5 27. cxd5 Qxe1+) (26. cxd5 g6)
1/2-1/2